banner-ar

كتاب البيان المغرب فى اخبار الاندلس والمغرب (Record no. 62087)

MARC details
000 -الفاتح
حقل البيانات ثابتة الطول 00484nam a2200157Ia 4500
005 - وقت وتاريخ اخر تعامل مع التسجيلة
رقم الضبط 20240530110531.0
008 - عناصر البيانات ثابتة الطول - معلومات عامة
حقل البيانات ثابتة الطول 140319s9999 xx 000 0 ara d
040 ## - مصدر الفهرسة
وكالة الفهرسة الأصلية GCL /
وكالة النسخ GCL
082 04 - رقم تصنيف ديوى العشرى
رقم الطبعة 21
رقم التصنيف 953.071\
رقم المادة م ك
245 10 - بيان العنوان
العنوان كتاب البيان المغرب فى اخبار الاندلس والمغرب
300 ## - الوصف المادى
التعداد متعدد
490 ## - بيان السلسلة
عنوان السلسلة شكاوى المصرى الفصيح
رقم المجلد/ التعيين التسلسلي 0
942 ## - عناصر المدخل الإضافي( كوها)
مصدر التصنيف او مخطط الترفيف Dewey Decimal Classification
Koha [default] item type كتاب
260 ## - PUBLICATION, DISTRIBUTION, ETC. (IMPRINT)
-- [S.N] :
-- دار الثقافة العربية
Holdings
حالة التراجع حالة الفقد مصدر التصنيف او خطة الترفيف حالة تلف ليس للاعارة المكان المؤقت الموقع الحالى تاريخ الاكتساب اجمالي اﻻعارات رقم الطلب الباركود تاريخ اخر مشاهدة تاريخ تفعيل السعر نوع وعاء كوها
    ddc     مكتبة القاهرة الكبرى مكتبة القاهرة الكبرى 03/16/2016   953.071\ م ك 161616 03/16/2016 03/16/2016 كتاب
    ddc     مكتبة القاهرة الكبرى مكتبة القاهرة الكبرى 03/16/2016   953.071\ م ك 161617 03/16/2016 03/16/2016 كتاب
    ddc     مكتبة القاهرة الكبرى مكتبة القاهرة الكبرى 03/16/2016   953.071\ م ك 161618 03/16/2016 03/16/2016 كتاب

Powered By

EGPV